| 000 | 00834dam0a22002531 4500 | ||
|---|---|---|---|
| 001 | rc\187124 | ||
| 005 | 20250620224003.0 | ||
| 010 |
_a5-09-005135-6 _930000 |
||
| 035 | _a(NLR Aleph) 005444969 | ||
| 090 |
_a4797175 _c4797176 |
||
| 100 | _a20030307d1996 |||y0rusy50 ca | ||
| 101 | 0 | _arus | |
| 102 | _aRU | ||
| 105 | _aa ||||||||| | ||
| 200 | 1 |
_aЗадачи по алгебре _eПособие для учащихся 7-9 кл. общеобразоват. учреждений _fА.Я. Кононов |
|
| 210 |
_aМ. _cПросвещение _cУчеб. лит. _d1996 |
||
| 215 |
_a174 с. _cграф. _d22 |
||
| 700 | 1 |
_aКононов _bА.Я. _gАлександр Яковлевич |
|
| 801 | 0 |
_aRU _bNLR _gpsbo |
|
| 801 | 1 |
_aRU _bELAR _2rusmarc |
|
| 852 |
_aNLR _j97-5/2482 |
||
| 942 | _cBOOK | ||
| 980 | _aNB | ||